000 00324 a2200109 4500
001 ART_39589
005 20260410162000.0
008 260409a
245 1 0 _aInnovación y creatividad en las organizaciones
100 1 _aRumbo, Jorge Angel
773 0 _tPropuestas
_g- Año 1, Nº 1 (jun. 1995)
_wREV28258
999 _c31211
_d31211